书目信息 |
| 题名: |
笔算速算珠算三式心算法
|
|
| 作者: | 徐思众 编著 | |
| 分册: | ||
| 出版信息: | 北京 机械工业出版社 |
|
| 页数: | 180页 | |
| 开本: | 32开 | |
| 丛书名: | ||
| 单 册: | ||
| 中图分类: | O121.4 | |
| 科图分类: | ||
| 主题词: | 初等数学 | |
| 电子资源: | ||
| ISBN: | 7-111-02547-4 | |
| 000 | 00565nam0 2200193 45 | |
| 001 | 0006161141 | |
| 005 | 20000616115312.5 | |
| 010 | @a7-111-02547-4@d3.90元 | |
| 100 | @a20000616d km y0chiy0120 ea | |
| 101 | 0 | @achi |
| 105 | @a z 000yy | |
| 200 | 1 | @a笔算速算珠算三式心算法@ABi Suan Su Suan Zhu Suan San Shi Xin Suan Fa@f徐思众编著@FXu Si Zhong Bian Zhu |
| 210 | @a北京@c机械工业出版社 | |
| 215 | @a180页@d32开 | |
| 606 | 0 | @a初等数学 |
| 690 | @aO121.4@v3 | |
| 701 | 0 | @a徐思众@4编著 |
| 801 | @aCN@bPftUser@c20000616 | |
| 905 | @b205403-404@dO121.4@eX976@f2 | |
| 笔算速算珠算三式心算法/徐思众编著.-北京:机械工业出版社 |
| 180页;32开 |
| ISBN 7-111-02547-4:3.90元 |
| ● |
| 相关链接 |
|
|
|
正题名:笔算速算珠算三式心算法
索取号:O121.4/X976
 
预约/预借
| 序号 | 登录号 | 条形码 | 馆藏地/架位号 | 状态 | 备注 |
| 1 | 205403 | 202054034 | 自科二线504/401自科库 69排2列2层/ [索取号:O121.4/X976] | 在馆 | |
| 2 | 205404 | 202054043 | 自科二线504/401自科库 69排2列2层/ [索取号:O121.4/X976] | 在馆 |